000 00441nam a2200157Ia 4500
003 LK-CoDNM
008 010623t1981 xxu||||| |||| 00| 1 eng d
040 _aLK-CoDNM
_dLK-CoDNM
_eLK-CoDNM
041 _aeng
080 _a331:016 KOR
100 _aKorale, Siri Ranjani
245 _aBibliography of Labour Relations in Sri Lanka : 1840-1978
260 _b Ministry of Labour
_a Sri Lanka
_c1981
300 _b164p, 24.5 cm
942 _cBK
999 _c111454
_d111454